Culture Générale - Série 709 - Statistiques

Statistiques générales
  • Ce quiz a été pris 179 fois
  • Le résultat moyen est 7 sur 10
Statistiques - réponses
Question Réponse % Correct
Dans quel pays d'Europe se trouve la ville de Saragosse ? Espagne
95%
Complétez le titre d'un film de 1994, avec Hugh Grant : "Quatre mariages et... un enterrement
92%
Selon le calendrier républicain, en quelle saison commençait le mois de ventôse ? hiver
90%
Selon l'expression, à quelle liquide gras compare-t-on une mer sans vague ? huile
88%
En 1914, dans quelle ville est assassiné l'archiduc d'Autriche ? Sarajevo
80%
Dans quel film, intitulé "Brillantine" au Québec, retrouve-t-on John Travolta et Olivia Newton-John ? Grease
77%
Quel peintre néerlandais a réalisé la toile : "Champ de blé aux corbeaux", en 1890 ? Vincent Van Gogh
76%
En 1987, quelle chanteuse australienne interprète le titre : "I Should Be So Lucky" ? Kylie Minogue
56%
Complétez le titre du film réalisé en 1957 par Mikhaïl Kalatozov "Quand passent les ... cigognes
40%
Quel auteur met en scène Nestor Burma dans le roman "Les Eaux troubles de Javel" ? Léo Malet
10%
Aucun quiz correspondant
Distribution des résultats
% des personnes avec chaque résultat
Percentile par nombre de réponses
Votre historique - résultats
Vous n’avez pas pris ce quiz